Cultura musical 1 /

Guardado en:
Autor Principal: Roldán, Axel Waldemar
Formato: Libro
Publicado: El Ateneo : Buenos Aires, 1987
Materias:
Etiquetas: Agregar Etiqueta
Sin Etiquetas, Sea el primero en etiquetar este registro!
LEADER 00600nam a22002055a 4500
001 CEM.cems016108
005 20100217144415.0
008 130507s1987##################000#0#####d
003 CEMS
082 0 4 |a 780.7 
100 1 |a Roldán, Axel Waldemar 
245 1 0 |a Cultura musical 1 /  |c Axel Waldemar Roldán, 
260 |a El Ateneo :  |b Buenos Aires,  |c 1987 
300 |a 108 p. 
653 |a Instrumentos musicales 
653 |a Música-historia 
653 |a Lenguaje musical 
653 |a Cultura musical 1er. año 
653 |a Música 
859 |a CEMS  |b BIB. CEMS - Agricultura  |h 780.7  |i R643-1  |p A18491.95  |t Ej.1  |v 1  |3 1